000 00268nam a22001337a 4500
008 210304b ||||| |||| 00| 0 eng d
020 _a0333270916
041 _aeng
080 _a61
100 _a4
101 _aSHM
245 _aDisability
_cSBS
942 _2udc
_cBK
999 _c55723
_d55723